000 00194nam a2200109Ia 4500
100 _a#N/A
942 _cBK
654 _abio-knoppi
245 _aBio-Knoppi
260 _b#N/A
546 _aENGLISH
999 _c25904
_d25904